|
|
|
|
| LEADER |
00000cam a2200000 7i4500 |
| 001 |
0000013205 |
| 005 |
20080108.0 |
| 008 |
080108 |
| 020 |
|
|
|a 9834093675
|
| 090 |
0 |
0 |
|a 330.917671
|b INT
|
| 245 |
1 |
0 |
|a International economics and trade liberalisation :
|b challenges to Muslim countries
|c Edited by Nik Mustapha Hj. Nik Hassan, Mazilan Musa, Azrina Sobian
|
| 260 |
|
|
|a Kuala Lumpur :
|b IIUM ,
|c 2004
|
| 650 |
|
0 |
|a Islamic countries
|x Economic condition
|
| 650 |
|
0 |
|a Islam
|x Economic aspect
|
| 700 |
0 |
|
|a Azrina Sobian
|
| 700 |
0 |
|
|a Mazilan Musa
|
| 700 |
0 |
|
|a Nik Mustapha Hj. Nik Hassan
|
| 710 |
0 |
|
|a Title
|
| 999 |
|
|
|a 0001011063
|b Book
|c Adult Collection
|e Perbadanan Perpustakaan Awam Johor
|
| 999 |
|
|
|a 0001011064
|b Book
|c Adult Collection
|e Perbadanan Perpustakaan Awam Johor
|